Kyoto protocol: Govts and corporates share responsibility (Record no. 61898)

MARC details
000 -LEADER
fixed length control field 00354nam a2200133Ia 4500
100 ## - MAIN ENTRY--AUTHOR NAME
Personal name Fernando P J
245 #0 - TITLE STATEMENT
Title Kyoto protocol: Govts and corporates share responsibility
260 ## - PUBLICATION, DISTRIBUTION, ETC. (IMPRINT)
Name of publisher Rubber Asia
Year of publication 2005
300 ## - PHYSICAL DESCRIPTION
Number of Pages 39-40,103
650 ## - SUBJECT ADDED ENTRY--TOPICAL TERM
Topical Term Kyoto protocol
700 ## - ADDED ENTRY--PERSONAL NAME
Personal name Fernando Surin M
942 ## - ADDED ENTRY ELEMENTS (KOHA)
Koha item type Journals
Holdings
Withdrawn status Lost status Damaged status Not for loan Home library Current library Shelving location Date acquired Serial Enumeration / chronology Koha item type
      Journals RRII Library RRII Library Rubber general 17/12/2021 Volume 19, Issue 5 Journals